Les 30 chiens préférés des Français - Statistiques

Statistiques générales
  • Ce quiz a été pris 452 fois
  • Le résultat moyen est 5 sur 30
Statistiques - réponses
Races de chiens % Correct
Berger Allemand
90%
Berger Australien
59%
Golden Retriever
59%
Bouledogue Français
26%
Beagle
23%
Boxer
22%
Bouvier-Bernois
16%
Rottweiler
16%
Bichon Maltais
15%
Epagneul Breton
15%
Labrador-Retriever
14%
Husky Sibérien
11%
Chow Chow
10%
Shiba-Inu
10%
Beauceron
8%
Berger Belge Malinois
8%
Akita Inu
7%
Border Colie
7%
Yorkshire Terrier
7%
Berger Blanc Suisse
6%
Chiuahua
6%
Bulldog Anglais
5%
Cane Corso
5%
American Staffordshire Terrier
3%
Dogue Argentin
3%
Jak Russell Terrier
3%
Shih Tzu
3%
Pitull
2%
Staffordshire Bull Terrier
2%
Coton de Tuléar
1%
Aucun quiz correspondant
Distribution des résultats
% des personnes avec chaque résultat
Percentile par nombre de réponses
Votre historique - résultats
Vous n’avez pas pris ce quiz